Govt. of
Madhya Pradesh

Journeys and Dwellings (Record no. 42191)

MARC details
000 -LEADER
fixed length control field 004550000a22001690004500
003 - CONTROL NUMBER IDENTIFIER
control field MACL
005 - DATE AND TIME OF LATEST TRANSACTION
control field 20151004150402.0
008 - FIXED-LENGTH DATA ELEMENTS--GENERAL INFORMATION
fixed length control field 151004b xxu||||| |||| 00| 0 eng d
040 ## - CATALOGING SOURCE
Original cataloging agency MACL
Transcribing agency MACL
041 ## - LANGUAGE CODE
Language code of text/sound track or separate title English
082 ## - DEWEY DECIMAL CLASSIFICATION NUMBER
Classification number 910/BAS
100 ## - MAIN ENTRY--PERSONAL NAME
Personal name Basu, Helene
9 (RLIN) 13695
245 ## - TITLE STATEMENT
Title Journeys and Dwellings
Remainder of title Indian Ocean Themes in South Asia
260 ## - PUBLICATION, DISTRIBUTION, ETC. (IMPRINT)
Name of publisher, distributor, etc. Orient Longmans Ltd
Date of publication, distribution, etc. 2008
Place of publication, distribution, etc. Hyderabad
650 ## - SUBJECT ADDED ENTRY--TOPICAL TERM
Topical term or geographic name as entry element Travel
9 (RLIN) 13696
942 ## - ADDED ENTRY ELEMENTS (KOHA)
Koha item type Books
Call number prefix 910/BAS
Source of classification or shelving scheme
Holdings
Withdrawn status Lost status Source of classification or shelving scheme Damaged status Not for loan Home library Current library Date acquired Total Checkouts Full call number Barcode Date last seen Uniform Resource Identifier Price effective from Koha item type
          MACL MACL 15/04/2015   910/BAS CRE024504 02/05/2024 42462 15/04/2015 Books